[Event "AUTO-ELITE-2484"]
[Site "http://www.queenalice.com/game.php?id=1815506"]
[Date "2023.7.3"]
[Round "1"]
[White "Marini"]
[Black "diedoofen"]
[Result "1-0"]
[WhiteElo "2364"]
[BlackElo "2512"]

1. e4 e5 2. Nf3 Nf6 3. Nc3 Nc6 4. Bb5 Nd4 5. Nxd4 exd4 6. e5 dxc3 7. exf6 Qxf6
8. dxc3 Bc5 9. Qe2+ Qe6 10. O-O Qxe2 11. Bxe2 d6 12. Bf3 O-O 13. b4 Bb6 14. a4
a5 15. Re1 Rd8 16. b5 Rb8 17. g4 Be6 18. Bf4 Re8 19. Rad1 Bc4 20. Kg2 Re6 21.
Kg3 h6 22. h4 Bc5 23. Bd2 d5 24. Bf4 Bd6 25. Bxd6 cxd6 26. g5 hxg5 27. hxg5 Rbe8
28. Rxe6 fxe6 29. Bh5 Rf8 30. Re1 e5 31. b6 Rf4 32. Bg6 Ba6 33. Rd1 Rxa4 34.
Rxd5 Kf8 35. Rxd6 Ke7 36. Rd2 Ke6 37. Be8 Rc4 38. Bd7+ Ke7 39. Bf5 Rxc3+ 40. f3
a4 41. Rd7+ Kf8 42. Rd8+ Ke7 43. Rd5 Rc6 44. Ra5 Rxc2 45. Bxc2 1-0

[Event "AUTO-ELITE-2484"]
[Site "http://www.queenalice.com/game.php?id=1815513"]
[Date "2023.7.3"]
[Round "1"]
[White "Marini"]
[Black "trompmaster"]
[Result "1/2-1/2"]
[WhiteElo "2372"]
[BlackElo "2479"]

1. e4 c6 2. c4 d5 3. cxd5 cxd5 4. exd5 Nf6 5. Qa4+ Nbd7 6. Nc3 g6 7. h4 Bg7 8.
h5 Nxh5 9. g4 Nf6 10. g5 Nh5 11. Be2 O-O 12. Qh4 Nb6 13. Bxh5 gxh5 14. Qxh5 Bf5
15. Qf3 e6 16. dxe6 fxe6 17. Nge2 Nd5 18. a3 Qd7 19. Qg3 Qc6 20. O-O Bg6 21. d4
Nxc3 22. bxc3 e5 23. Re1 Rf3 24. Qh2 Raf8 25. Be3 Qe4 26. Ng3 Qg4 27. d5 e4 28.
Qg2 Bxc3 29. Ne2 Qxg2+ 30. Kxg2 Bxa1 31. Rxa1 R3f5 32. Nc3 Bh5 33. Kg3 Bf3 34.
Rb1 Rc8 35. Rb3 h6 36. gxh6 b6 37. d6 Rh5 38. d7 Rd8 39. Rb4 Rxd7 40. Nxe4 Bxe4
41. Rxe4 Rf7 42. Kg4 Rhf5 43. Bd4 Kh7 44. f4 Rd5 45. Bg7 Rd1 46. Rb4 a5 47. Rxb6
Rg1+ 48. Kf3 Rf1+ 49. Ke4 R1xf4+ 50. Kd5 Rf3 51. a4 Rh3 52. Rb8 Rf4 53. Ke5 Rb4
54. Rxb4 axb4 55. Kd4 b3 56. Kc4 Rxh6 57. Bb2 Rb6 58. a5 Rb8 59. a6 Rb6 60. a7
Ra6 61. Kxb3 Rxa7 62. Kc4 Rc7+ 63. Kd5 Rb7 1/2-1/2

[Event "AUTO-ELITE-2484"]
[Site "http://www.queenalice.com/game.php?id=1815514"]
[Date "2023.7.3"]
[Round "1"]
[White "trompmaster"]
[Black "Marini"]
[Result "1/2-1/2"]
[WhiteElo "2468"]
[BlackElo "2361"]

1. Nh3 Nc6 2. d4 Nf6 3. d5 Nb4 4. c4 e5 5. a3 Na6 6. b4 b6 7. e3 Bb7 8. Nc3 Nb8
9. Be2 a5 10. b5 d6 11. Qc2 g6 12. f3 Nbd7 13. Na4 Bg7 14. e4 O-O 15. Rb1 Nh5
16. O-O Bc8 17. g4 Nhf6 18. Kh1 Qe7 19. Nf2 Ne8 20. Rg1 Nc5 21. Nxc5 dxc5 22.
Be3 Bd7 23. Rbf1 Kh8 24. Bd3 Nd6 25. Rg2 a4 26. Qc1 Kg8 27. Qc2 Kh8 28. h3 Qh4
29. Qd2 h6 30. Rfg1 Nb7 31. f4 Na5 32. f5 Nb3 33. Qd1 Rfe8 34. g5 h5 35. Rg3 Nd4
36. f6 Bf8 37. Qd2 Bd6 38. Nd1 Nf5 39. Kh2 Rg8 40. Rf3 Nd4 41. Rfg3 Nf5 42. Rf3
Nd4 43. Rfg3 Nf5 1/2-1/2

[Event "AUTO-ELITE-2484"]
[Site "http://www.queenalice.com/game.php?id=1830927"]
[Date "2024.2.5"]
[Round "2"]
[White "Marini"]
[Black "gizmokaka"]
[Result "0-1"]
[WhiteElo "2375"]
[BlackElo "2660"]

1. e4 c5 2. Nf3 d6 3. c3 Nf6 4. Bc4 Nxe4 5. Qa4+ Nc6 6. Bxf7+ Kxf7 7. Qxe4 d5 8.
Qf4+ Kg8 9. O-O h6 10. d4 cxd4 11. cxd4 g5 12. Qg3 Rh7 13. h4 Bf5 14. hxg5 Rg7
15. Qh4 hxg5 16. Bxg5 Qe8 17. Nc3 Rh7 18. Qg3 Qh5 19. Nh2 Rg7 20. f4 Nxd4 21.
Qf2 Rh7 22. Qxd4 Qxh2+ 23. Kf2 Bh3 24. Rg1 e6 25. Rac1 Bg7 26. Qc5 Rh4 27. Nxd5
Rg4 28. Ne3 Rxf4+ 29. Ke2 Re4 30. Kf3 Re5 31. Qe7 Rf8+ 32. Qxf8+ Kxf8 33. Bf4
Rxe3+ 34. Kxe3 Bd4+ 35. Kf3 Bxg2+ 36. Rxg2 Qh3+ 37. Rg3 Qh5+ 38. Kg2 Qe2+ 0-1

[Event "AUTO-ELITE-2484"]
[Site "http://www.queenalice.com/game.php?id=1830928"]
[Date "2024.2.5"]
[Round "2"]
[White "gizmokaka"]
[Black "Marini"]
[Result "1-0"]
[WhiteElo "2662"]
[BlackElo "2372"]

1. c4 Nc6 2. d4 e5 3. d5 Nce7 4. Nc3 Ng6 5. Qa4 Be7 6. g3 h5 7. h4 Nf6 8. Bg5
O-O 9. e4 d6 10. Bxf6 Bxf6 11. Qd1 Bg4 12. Be2 Qc8 13. Nf3 Bd7 14. Nh2 c6 15.
O-O Bd8 16. Bxh5 cxd5 17. Qxd5 Be6 18. Qxd6 Be7 19. Qd2 Qxc4 20. Be2 Qb4 21. Bg4
Rad8 22. Qc2 Bc5 23. Bxe6 fxe6 24. a3 Qc4 25. Rac1 Bd4 26. Ne2 Qb5 27. Kg2 Rc8
28. Qxc8 Rxc8 29. Rxc8+ Kh7 30. Ng1 Ne7 31. Rf8 Nc6 32. b4 g6 33. Nh3 Kg7 34.
Rf3 Qc4 35. Ng4 Nd8 36. Ng5 Qc7 37. Rf7+ 1-0